| 000 | 00361nam a2200157Ia 4500 | ||
|---|---|---|---|
| 008 | 230917s9999||||xx |||||||||||||| ||und|| | ||
| 020 | _cRS50 | ||
| 040 |
_e3983 _aMAIN |
||
| 041 | _aEnglish | ||
| 082 | _a301.412 R149W | ||
| 100 | _aRam Swarup | ||
| 245 | 0 | _aWomen in Islam | |
| 260 |
_aNew Delhi _bVoice of India _c1994 |
||
| 300 | _aix, 51 p. | ||
| 942 | _cBK | ||
| 999 |
_c82938 _d82938 |
||